| 000 | 00892nas a2200277 4500 | ||
|---|---|---|---|
| 001 | BR2012004442 | ||
| 003 | BR-BrBNA | ||
| 005 | 20231205120748.0 | ||
| 007 | ta | ||
| 008 | 230509b bl.|||p| |||| 00| 00por d | ||
| 040 |
_aBR-BrBNA _bpor _cBiblioteca Nacional de Agricultura |
||
| 041 | _a(Pt) | ||
| 072 | _aF61; F06 | ||
| 100 | 1 | _aBlum, J. | |
| 100 | 1 | _aMelfi, A.J. | |
| 100 | 1 | _aMontes, C.R. | |
| 245 | 1 | _aNutrição mineral da cana-de-açúcar irrigada com efluente de esgoto tratado, em área com aplicação de fosfogesso | |
| 650 | _aCANA DE AÇÚCAR | ||
| 650 | _aNUTRIENTE MINERAL | ||
| 650 | _aIRRIGAÇÃO | ||
| 650 | _aÁGUAS RESIDUAIS | ||
| 650 | _aTRANSPORTE DE NUTRIENTE | ||
| 773 | 0 |
_tPesquisa Agropecuária Brasileira (Brazil) _xISSN 0100-204X _g(Apl 2012), v. 47(4) p. 593-602 _wBR2012004442 |
|
| 909 |
_a202311 _bLúcia _c55 _dLúcia Elande |
||
| 942 |
_2AGRIS _n0 _cANA |
||
| 999 |
_c220182 _d220182 |
||